书目信息 |
| 题名: |
经济增长
|
|
| 作者: | 巴罗 , 萨拉伊马丁 著 ;何晖 , 刘明兴 译 | |
| 分册: | ||
| 出版信息: | 北京 中国社会科学出版社 2000.03 |
|
| 页数: | 529页 | |
| 开本: | 32开 | |
| 丛书名: | 当代经济学教科书译丛 | |
| 单 册: | ||
| 中图分类: | F061.2 | |
| 科图分类: | ||
| 主题词: | 经济学--分支科学 , 经济增长 | |
| 电子资源: | ||
| ISBN: | 7-5004-2506-6 | |
| 000 | 00893nam0 2200277 45 | |
| 001 | 0110141459 | |
| 005 | 20031219104058.4 | |
| 010 | @a7-5004-2506-6@dCNY45.00 | |
| 100 | @a20011014d2000 km y0chiy0120 ea | |
| 101 | 0 | @achi@ceng |
| 105 | @a z 000yy | |
| 200 | 1 | @a经济增长@AJing Ji Zeng Zhang@f(美)罗伯特·巴罗,哈维尔·萨拉伊马丁著@F(Mei)Luo Bo Te·Ba Luo,Ha Wei Er·Sa La Yi Ma Ding Zhu@g何晖,刘明兴译 |
| 210 | @a北京@c中国社会科学出版社@d2000.03 | |
| 215 | @a529页@d32开 | |
| 225 | @a当代经济学教科书译丛@f晏智杰主编 | |
| 410 | @12001 @a当代经济学教科书译丛 | |
| 410 | @1700 0@a晏智杰@AYan Zhi Jie@4主编 | |
| 606 | 0 | @a经济学@x分支科学 |
| 606 | 0 | @a经济增长 |
| 690 | @aF061.2@v4 | |
| 701 | @a巴罗@4著 | |
| 701 | 0 | @a萨拉伊马丁@4著 |
| 702 | 0 | @a何晖@AHe Hui@4译 |
| 702 | 0 | @a刘明兴@ALiu Ming Xing@4译 |
| 801 | @aCN@bTSTC@c20011014 | |
| 905 | @b315550-551@dF061.2@e21@f2 | |
| 经济增长/(美)罗伯特·巴罗,哈维尔·萨拉伊马丁著/何晖,刘明兴译.-北京:中国社会科学出版社,2000.03 |
| 529页;32开.-(当代经济学教科书译丛/晏智杰主编) |
| ISBN 7-5004-2506-6:CNY45.00 |
| ● |
| 相关链接 |
|
|
|
|
正题名:经济增长
索取号:F061.2/21
 
预约/预借
| 序号 | 登录号 | 条形码 | 馆藏地/架位号 | 状态 | 备注 |
| 1 | 0315550 | 203155502 | 第一借阅区/ [索取号:F061.2/21] | 在馆 | |
| 2 | 0315551 | 203155511 | 第一样本阅览室/ [索取号:F061.2/21] | 在馆 |